书目信息 |
| 题名: |
同一首歌
|
|
| 作者: | 孟欣 , 何悦 主编 | |
| 分册: | 外国歌曲 | |
| 出版信息: | 北京 现代出版社 2003.09 |
|
| 页数: | 391页 | |
| 开本: | 21cm | |
| 丛书名: | ||
| 单 册: | ||
| 中图分类: | J652 | |
| 科图分类: | ||
| 主题词: | 歌曲--世界--选集 | |
| 电子资源: | ||
| ISBN: | 7-80028-968-0 | |
| 000 | 00626nam0 2200229 45 | |
| 001 | 012004000000 | |
| 005 | 20050614090814.82 | |
| 010 | @a7-80028-968-0@dCNY 23.80 | |
| 100 | @a20040918e2003 em y0chiy0121 ea | |
| 101 | 0 | @achi |
| 102 | @aCN@b110000 | |
| 105 | @ay z 000yy | |
| 200 | 1 | @a同一首歌@Atong yi shou ge@i外国歌曲@f孟欣, 何悦主编 |
| 210 | @a北京@c现代出版社@d2003.09@h2004重印 | |
| 215 | @a391页@d21cm | |
| 517 | 1 | @a外国歌曲 |
| 606 | 0 | @a歌曲@y世界@j选集 |
| 690 | @aJ652@v4 | |
| 701 | 0 | @a孟欣@Ameng xin@4主编 |
| 701 | 0 | @a何悦@Ahe yue@4主编 |
| 801 | 0 | @aCN@bQSSKxf@c20050614 |
| 905 | @a10447@dJ652@eM6202 | |
| 同一首歌.外国歌曲/孟欣, 何悦主编.-北京:现代出版社,2003.09(2004重印) |
| 391页;21cm |
| ISBN 7-80028-968-0:CNY 23.80 |
| ● |
| 相关链接 |
|
|
|
正题名:同一首歌
索取号:J652/M6202
 
预约/预借
| 序号 | 登录号 | 条形码 | 馆藏地/架位号 | 状态 | 备注 |
| 1 | 423404 | 204234042 | 社科库309/309社科库 94排2列3层/ [索取号:J652/M6202] | 在馆 | |
| 2 | 423405 | 204234051 | 社科库309/309社科库 94排2列3层/ [索取号:J652/M6202] | 在馆 | |
| 3 | 532919 | 205329198 | 社科库309/309社科库 94排2列3层/ [索取号:J652/M6202] | 在馆 | |
| 4 | 532920 | 205329205 | 社科库309/309社科库 94排2列3层/ [索取号:J652/M6202] | 在馆 |